000 00485nam a2200157 i 4500
001 50120
003 ES-MaACL
005 20250803063049.0
007 t|
008 030730s1918 po ||||1| por d
100 1 _aCroce, Benedetto,
_d1866-1952
_9241508
245 1 2 _aA perfeiçiao e a imperfeiçao
_b: nota de estética /
_cpor Benedetto Croce.
260 _aCoimbra :
_b[s.n.],
_c1918 (
_fImprensa da Universidade)
852 _aES-MaACL
_j1524-F-7
999 _c50120
_d50120